[Event "16.Open Seefeld"]
[Site "Oesterreich / Seefeld"]
[Date "2005.09.23"]
[Round "7"]
[White "Kozlov, Alexander"]
[Black "Maurer, Rainer"]
[Result "0-1"]
[WhiteElo "2135"]
[BlackElo "2035"]
[PlyCount "60"]
[EventDate "2005.09.17"]

1. d4 d5 2. c4 e6 3. Nc3 Nf6 4. Nf3 Bb4 5. a3 Be7 6. Bg5 Nbd7 7. cxd5 exd5 8.
e3 O-O 9. Bd3 b6 10. b4 c5 11. bxc5 bxc5 12. O-O Re8 13. Bb5 Rf8 14. Bc6 Ba6
15. Bxa8 Bxf1 16. Bxd5 Bxg2 17. Bxf7+ Rxf7 18. Kxg2 cxd4 19. Qxd4 Qa5 20. Qc4
Qf5 21. Qf4 Qc2 22. Qd4 Bc5 23. Qc4 Qg6 24. Kf1 Qf5 25. Ke2 Qxf3+ 26. Kxf3 Ne5+
27. Ke2 Nxc4 28. a4 Rd7 29. Ra2 Bb4 30. Nb5 a6 0-1

[Event "16.Open Seefeld"]
[Site "Oesterreich / Seefeld"]
[Date "2005.09.23"]
[Round "7"]
[White "Kreie, Guenter"]
[Black "Stabolewski, Andreas"]
[Result "0-1"]
[WhiteElo "1968"]
[BlackElo "2225"]
[PlyCount "80"]
[EventDate "2005.09.17"]

1. e4 c5 2. Nf3 Nc6 3. d4 cxd4 4. Nxd4 Nf6 5. Nc3 d6 6. Bg5 Qa5 7. Bb5 Bd7 8.
Nb3 Qd8 9. O-O e6 10. Qe2 Be7 11. Rad1 Qc7 12. Kh1 a6 13. Bd3 h6 14. Bf4 g5 15.
Be3 Ne5 16. f3 Nh5 17. g3 Rg8 18. Nd4 Nf6 19. Kg1 h5 20. Kh1 g4 21. f4 Nc6 22.
Nb3 Na5 23. Nd4 Rc8 24. Bf2 Nc4 25. Bxc4 Qxc4 26. Qxc4 Rxc4 27. Rfe1 b5 28. a3
Bc8 29. Kg1 Bb7 30. Rd2 h4 31. e5 hxg3 32. Bxg3 dxe5 33. fxe5 Bc5 34. Red1 Bf3
35. exf6 Bxd1 36. Bf2 Bf3 37. Nde2 Rg6 38. Bxc5 Rxc5 39. Ng3 Re5 40. Rd6 Rxf6
0-1

[Event "16.Open Seefeld"]
[Site "Oesterreich / Seefeld"]
[Date "2005.09.23"]
[Round "7"]
[White "Santl, Anton"]
[Black "Kuehlmeyer, Klaus"]
[Result "1/2-1/2"]
[WhiteElo "2132"]
[BlackElo "2027"]
[PlyCount "81"]
[EventDate "2005.09.17"]

1. Nf3 c5 2. c4 Nf6 3. g3 g6 4. Bg2 Bg7 5. Nc3 O-O 6. O-O d5 7. cxd5 Nxd5 8. d4
cxd4 9. Nxd4 Nxc3 10. bxc3 a6 11. Rb1 Qc7 12. Bd2 Rd8 13. Qc1 e5 14. Nb3 Nc6
15. Bg5 f6 16. Be3 Bf5 17. Rb2 Bf8 18. Nc5 Bxc5 19. Bxc5 b5 20. Rd1 Rac8 21.
Bd5+ Kg7 22. Qe3 Nd4 23. cxd4 Rxd5 24. Qb3 Rcd8 25. Rbd2 Qd7 26. Qb4 e4 27. Qc3
Re8 28. Qe3 Bh3 29. Rc2 Rh5 30. Bb6 Qe6 31. Rc7+ Kh8 32. d5 Rxd5 33. Rxd5 Qxd5
34. Bd4 Qd6 35. Qc3 Re6 36. Rc8+ Kg7 37. Rc7+ Kg8 38. Rc8+ Kf7 39. Rc7+ Re7 40.
Rxe7+ Qxe7 41. Qc6 1/2-1/2

[Event "16.Open Seefeld"]
[Site "Oesterreich / Seefeld"]
[Date "2005.09.23"]
[Round "7"]
[White "Gruber, Michael"]
[Black "Favre, Bruno"]
[Result "1-0"]
[WhiteElo "2122"]
[BlackElo "2019"]
[PlyCount "49"]
[EventDate "2005.09.17"]

1. e4 c6 2. d4 d5 3. e5 Na6 4. Nf3 Bg4 5. c3 Nc7 6. Bd3 g6 7. h3 Bxf3 8. Qxf3
Ne6 9. Be3 Qd7 10. Qe2 Bh6 11. Nd2 Nf4 12. Bxf4 Bxf4 13. g3 Bxd2+ 14. Kxd2 e6
15. f4 Ne7 16. g4 h5 17. Qg2 hxg4 18. hxg4 O-O-O 19. Rh4 Kc7 20. Rah1 Qc8 21.
Qh2 Rxh4 22. Qxh4 Qd7 23. Qf6 Rf8 24. Rh7 Qe8 25. Bxg6 1-0

[Event "16.Open Seefeld"]
[Site "Oesterreich / Seefeld"]
[Date "2005.09.23"]
[Round "7"]
[White "Wiesbeck, Florian"]
[Black "Riedl, Johannes"]
[Result "1/2-1/2"]
[WhiteElo "1964"]
[BlackElo "2118"]
[PlyCount "89"]
[EventDate "2005.09.17"]

1. d4 f5 2. c4 Nf6 3. g3 g6 4. Bg2 Bg7 5. Nf3 O-O 6. O-O d6 7. Nc3 c6 8. d5 Qe8
9. e4 fxe4 10. Ng5 h6 11. Ngxe4 Nxe4 12. Bxe4 Bh3 13. Re1 Na6 14. Be3 Nc7 15.
Qd2 Kh7 16. Rac1 c5 17. Ne2 e5 18. Nc3 b5 19. b3 b4 20. Ne2 Qd7 21. Kh1 Qg4 22.
Qc2 Qh5 23. Ng1 Bf5 24. Kg2 Qg4 25. Bf3 Bxc2 26. Bxg4 Bf5 27. Bf3 a5 28. h3 a4
29. g4 Bd7 30. Be4 axb3 31. axb3 Ra3 32. Rb1 Ne8 33. Ne2 Bf6 34. Kg3 Ng7 35.
Ng1 Be7 36. Nf3 Ne8 37. Nd2 Nf6 38. Bd3 Kg7 39. Ne4 g5 40. Nxf6 Bxf6 41. Be4
Rh8 42. Rh1 Kf7 43. Bc1 Ra2 44. Be3 Rha8 45. Rhe1 1/2-1/2

[Event "16.Open Seefeld"]
[Site "Oesterreich / Seefeld"]
[Date "2005.09.23"]
[Round "7"]
[White "Schmidt, Wolfgang"]
[Black "Di Lazzaro, Gabriele"]
[Result "1-0"]
[WhiteElo "2091"]
[BlackElo "2025"]
[PlyCount "49"]
[EventDate "2005.09.17"]

1. e4 c5 2. Nf3 d6 3. d4 cxd4 4. Nxd4 Nf6 5. Nc3 Nc6 6. Bc4 Qb6 7. Ndb5 a6 8.
Be3 Qd8 9. Nd4 e6 10. Qe2 Ne5 11. Bb3 Be7 12. O-O-O Qc7 13. f4 Nc6 14. h3 b5
15. g4 Na5 16. g5 Nxb3+ 17. axb3 Nd7 18. Nf5 exf5 19. Nd5 Qd8 20. exf5 O-O 21.
f6 Bxf6 22. gxf6 Nxf6 23. Bb6 Qd7 24. Nxf6+ gxf6 25. Qg2+ 1-0

[Event "16.Open Seefeld"]
[Site "Oesterreich / Seefeld"]
[Date "2005.09.23"]
[Round "7"]
[White "Allgaier, Erik"]
[Black "Scholz, Herbert"]
[Result "1-0"]
[WhiteElo "2078"]
[BlackElo "1994"]
[PlyCount "91"]
[EventDate "2005.09.17"]

1. d4 Nf6 2. Nf3 e6 3. e3 b6 4. Bd3 Bb7 5. O-O c5 6. c4 Be7 7. Nc3 O-O 8. d5
exd5 9. cxd5 d6 10. e4 Nbd7 11. h3 Ne5 12. Nxe5 dxe5 13. f4 Qb8 14. f5 Rd8 15.
a4 a6 16. g4 Qc7 17. Qe2 Rac8 18. Bc4 Ra8 19. b3 Ne8 20. g5 Nd6 21. g6 fxg6 22.
fxg6 Rf8 23. Be3 Rf6 24. gxh7+ Kh8 25. Qh5 Raf8 26. Qxe5 Rxf1+ 27. Rxf1 Bf6 28.
Qg3 Qb8 29. Bf4 Be7 30. Be5 Rxf1+ 31. Bxf1 Qf8 32. Bxd6 Bxd6 33. e5 Bb8 34. d6
Qf5 35. Bd3 Qf8 36. Qg6 b5 37. Qe6 c4 38. Qg8+ Qxg8 39. hxg8=Q+ Kxg8 40. bxc4
Ba7+ 41. Kf1 Kf7 42. cxb5 Ke6 43. bxa6 Bc6 44. Bb5 Kd7 45. Bxc6+ Kxc6 46. Nb5
1-0

[Event "16.Open Seefeld"]
[Site "Oesterreich / Seefeld"]
[Date "2005.09.23"]
[Round "7"]
[White "Strasser, Josef (D)"]
[Black "Becking, Franz-Josef"]
[Result "1-0"]
[WhiteElo "1940"]
[BlackElo "2076"]
[PlyCount "133"]
[EventDate "2005.09.17"]

1. e4 e6 2. d4 d5 3. exd5 Qxd5 4. Nc3 Qd8 5. Nf3 Nf6 6. Bg5 Be7 7. Be2 O-O 8.
O-O Nbd7 9. Qd2 b6 10. Rfe1 Bb7 11. Bf4 c5 12. Nb5 a6 13. Nd6 Bc6 14. Rad1 Bxd6
15. Bxd6 Ne4 16. Qf4 g5 17. Nxg5 Qxg5 18. Qxg5+ Nxg5 19. Bxf8 Kxf8 20. Bd3 Nf6
21. h4 Nge4 22. f3 Ng3 23. Kf2 Ngh5 24. dxc5 bxc5 25. Re5 Nf4 26. Rxc5 Nxd3+
27. Rxd3 Bd7 28. Rc7 Ke7 29. g4 Rb8 30. b3 Ke8 31. c4 Bc8 32. Ke3 Nd7 33. Kf4
Kd8 34. Rc6 Ke7 35. Rc7 Kd8 36. Rc6 Ke8 37. Rcd6 Rb6 38. Rxb6 Nxb6 39. Kg5 Bb7
40. Kh6 Nd7 41. Re3 Nf8 42. h5 Ke7 43. f4 f6 44. g5 fxg5 45. fxg5 Kf7 46. Rd3
Be4 47. Rd6 Bb1 48. Rxa6 e5 49. c5 Ne6 50. c6 Ke7 51. g6 hxg6 52. hxg6 Kd8 53.
g7 Nxg7 54. Kxg7 e4 55. Ra5 Kc7 56. a3 Kxc6 57. Re5 Kd6 58. Kf6 Bd3 59. b4 Bc2
60. Kf5 Bd3 61. Kf4 Kc6 62. Rxe4 Kb5 63. Re3 Bc4 64. Ke4 Ka4 65. Kd4 Bf1 66.
Kc5 Bd3 67. Re7 1-0

[Event "16.Open Seefeld"]
[Site "Oesterreich / Seefeld"]
[Date "2005.09.23"]
[Round "7"]
[White "Schirmer, Werner"]
[Black "Ranker, Klemens"]
[Result "1/2-1/2"]
[WhiteElo "2053"]
[BlackElo "1955"]
[PlyCount "50"]
[EventDate "2005.09.17"]

1. e4 c5 2. Nf3 Nc6 3. d4 cxd4 4. Nxd4 g6 5. Nc3 Bg7 6. Be3 d6 7. Bc4 Bd7 8.
Qd2 a6 9. f3 b5 10. Bd5 Qc7 11. Nxc6 Bxc6 12. Bd4 e5 13. Be3 Rc8 14. O-O Ne7
15. Rad1 Rd8 16. Bxc6+ Qxc6 17. a3 O-O 18. Rf2 f5 19. Nd5 Nxd5 20. Qxd5+ Qxd5
21. Rxd5 fxe4 22. fxe4 Rxf2 23. Kxf2 Kf7 24. Ke2 Ke6 25. b3 Rc8 1/2-1/2

[Event "16.Open Seefeld"]
[Site "Oesterreich / Seefeld"]
[Date "2005.09.23"]
[Round "7"]
[White "Schwammberger, Eugen"]
[Black "Urban, Rudolf"]
[Result "1/2-1/2"]
[WhiteElo "1950"]
[BlackElo "2050"]
[PlyCount "46"]
[EventDate "2005.09.17"]

1. d4 Nf6 2. Nf3 d5 3. Bf4 Bf5 4. e3 e6 5. Nbd2 Nbd7 6. Be2 Be7 7. O-O O-O 8.
Ne5 Nxe5 9. Bxe5 Nd7 10. Bg3 Bf6 11. c4 c6 12. Qb3 Qb6 13. Rac1 Rfe8 14. cxd5
exd5 15. Rfe1 Be7 16. a3 Qxb3 17. Nxb3 a5 18. Red1 a4 19. Nd2 Bf6 20. Nf3 Be4
21. Rd2 h6 22. Bd1 Nb6 23. Be2 Nd7 1/2-1/2

[Event "16.Open Seefeld"]
[Site "Oesterreich / Seefeld"]
[Date "2005.09.23"]
[Round "7"]
[White "Hoffmann, Bernhard"]
[Black "Kreusch, Frank"]
[Result "1/2-1/2"]
[WhiteElo "1950"]
[BlackElo "2037"]
[PlyCount "45"]
[EventDate "2005.09.17"]

1. e4 d5 2. exd5 Nf6 3. d4 Nxd5 4. Bd3 Nc6 5. c3 e5 6. Qe2 Qe7 7. Be4 Be6 8.
Nf3 exd4 9. cxd4 O-O-O 10. Nc3 h6 11. O-O f5 12. Nxd5 Bxd5 13. Bxf5+ Kb8 14.
Be3 Bxf3 15. Qxf3 Nxd4 16. Bxd4 Rxd4 17. Rfe1 Qd8 18. Be4 c6 19. Qg3+ Qc7 20.
Qc3 Qb6 21. a3 Bd6 22. Bf3 Rd8 23. g3 1/2-1/2

[Event "16.Open Seefeld"]
[Site "Oesterreich / Seefeld"]
[Date "2005.09.23"]
[Round "7"]
[White "Born, Bernd-Ludger"]
[Black "Matt, Stefan"]
[Result "1/2-1/2"]
[WhiteElo "2036"]
[BlackElo "1816"]
[PlyCount "50"]
[EventDate "2005.09.17"]

1. d4 f5 2. g3 Nf6 3. Bg2 g6 4. c4 Bg7 5. Nc3 O-O 6. Bg5 d6 7. Nf3 Nc6 8. O-O
h6 9. Bxf6 Bxf6 10. Nd5 Bg7 11. Rb1 e6 12. Nc3 Kh7 13. e4 e5 14. d5 Ne7 15. Nd2
f4 16. g4 g5 17. f3 h5 18. h3 Ng6 19. Rf2 Nh4 20. b4 Nxg2 21. Rxg2 hxg4 22.
hxg4 Rh8 23. Rh2+ Kg6 24. Qe2 Bd7 25. Rxh8 Qxh8 1/2-1/2

[Event "16.Open Seefeld"]
[Site "Oesterreich / Seefeld"]
[Date "2005.09.23"]
[Round "7"]
[White "Strasser, Josef (A)"]
[Black "Aigner, Georg"]
[Result "1-0"]
[WhiteElo "1917"]
[BlackElo "2033"]
[PlyCount "63"]
[EventDate "2005.09.17"]

1. d4 d5 2. Nf3 Nf6 3. Bf4 e6 4. e3 Bd6 5. Bg3 Ne4 6. Bd3 Nxg3 7. hxg3 h6 8.
Ne5 Nd7 9. f4 Nxe5 10. dxe5 Be7 11. Qg4 Bf8 12. Nc3 a6 13. Rd1 c5 14. f5 Qc7
15. Qf4 c4 16. fxe6 Bxe6 17. Be2 O-O-O 18. Bg4 g5 19. Bxe6+ fxe6 20. Qf6 Bb4
21. Qxe6+ Kb8 22. Rxd5 Rxd5 23. Qxd5 Re8 24. Rxh6 Rxe5 25. Rh8+ Ka7 26. Qg8
Bxc3+ 27. bxc3 Qc5 28. Qb8+ Kb6 29. Qd8+ Kb5 30. Qd4 Rxe3+ 31. Kd2 Rxg3 32. a4+
1-0

[Event "16.Open Seefeld"]
[Site "Oesterreich / Seefeld"]
[Date "2005.09.23"]
[Round "7"]
[White "Pieper, Harald"]
[Black "Osswald, Michael"]
[Result "1-0"]
[WhiteElo "2094"]
[BlackElo "2004"]
[PlyCount "68"]
[EventDate "2005.09.17"]

1. d4 g6 2. Nf3 Bg7 3. c4 d6 4. Nc3 Nf6 5. e4 O-O 6. Be2 e5 7. dxe5 dxe5 8.
Qxd8 Rxd8 9. Bg5 Re8 10. Rd1 Nbd7 11. Nd2 Nf8 12. Nd5 Nxd5 13. cxd5 h6 14. Be3
g5 15. f3 Ng6 16. Rc1 Nf4 17. Bf1 Bd7 18. g3 c6 19. dxc6 Bxc6 20. gxf4 exf4 21.
Bc5 Bxb2 22. Rc2 Be5 23. Bc4 Kg7 24. Bb4 Kg6 25. Bc3 Bc7 26. Nb3 f5 27. Nd4 g4
28. Nxf5 Rxe4+ 29. fxe4 Bxe4 30. Ne7+ Kg5 31. h4+ gxh3 32. Rg1+ Bg2 33. Rcxg2+
hxg2 34. Rxg2+ Kh4 1-0

[Event "16.Open Seefeld"]
[Site "Oesterreich / Seefeld"]
[Date "2005.09.23"]
[Round "7"]
[White "Schett, Franz"]
[Black "Kircher, Werner"]
[Result "1-0"]
[WhiteElo "1997"]
[BlackElo "2092"]
[PlyCount "155"]
[EventDate "2005.09.17"]

1. e4 e6 2. Nc3 d5 3. exd5 exd5 4. d4 Nf6 5. Nf3 Bg4 6. Be2 Be7 7. O-O O-O 8.
h3 Bh5 9. Bf4 a6 10. Ne5 Bxe2 11. Nxe2 Nbd7 12. Ng3 Ne4 13. Qg4 Ndf6 14. Qe2
Nxg3 15. Bxg3 Ne4 16. Bh2 Bd6 17. f3 Ng5 18. h4 Ne6 19. Qf2 c5 20. c3 Qc7 21.
Ng4 Bxh2+ 22. Nxh2 cxd4 23. cxd4 Qf4 24. Rad1 Rac8 25. g3 Qd6 26. Ng4 Rc7 27.
f4 Rfc8 28. f5 Rc2 29. Qe3 Nf8 30. f6 Nd7 31. fxg7 Kxg7 32. h5 f6 33. Rf3 Rf8
34. Nh6 Qb4 35. Nf5+ Kh8 36. Qh6 Rg8 37. Rb3 Qc4 38. Rc3 Rxc3 39. bxc3 Qxc3 40.
Qf4 Qc2 41. Rd2 Qb1+ 42. Kh2 Qe4 43. Qf2 Rg5 44. Nh4 Rxh5 45. Re2 Qg4 46. Re8+
Kg7 47. Qe3 Rg5 48. Qe7+ Kh6 49. Qe3 Kg7 50. Re7+ Kh8 51. Qd3 Rh5 52. Qc3 Rxh4+
53. gxh4 Qxh4+ 54. Qh3 Qf4+ 55. Qg3 Qd2+ 56. Kg1 Qxd4+ 57. Kf1 Qc4+ 58. Kg1
Qc5+ 59. Qe3 Qxe3+ 60. Rxe3 Ne5 61. Rc3 b5 62. Ra3 Kg7 63. Rxa6 d4 64. Rb6 d3
65. Rxb5 d2 66. Rd5 Nc4 67. Kf2 h5 68. Ke2 Kg6 69. Rd4 Ne5 70. Rxd2 h4 71. Kf2
Kg5 72. a4 f5 73. a5 Kg4 74. a6 Nc6 75. Rd6 Na7 76. Rg6+ Kf4 77. Rg7 h3 78.
Rxa7 1-0

[Event "16.Open Seefeld"]
[Site "Oesterreich / Seefeld"]
[Date "2005.09.23"]
[Round "7"]
[White "Fischer, Gerd"]
[Black "Klein, Reinhard"]
[Result "1-0"]
[WhiteElo "2039"]
[BlackElo "1911"]
[PlyCount "43"]
[EventDate "2005.09.17"]

1. Nf3 Nf6 2. g3 b6 3. Bg2 Bb7 4. O-O c5 5. c4 e6 6. Nc3 Be7 7. d4 cxd4 8. Nxd4
Bxg2 9. Kxg2 O-O 10. Bf4 d5 11. Bxb8 Qxb8 12. cxd5 Qb7 13. e4 exd5 14. exd5
Nxd5 15. Qf3 Rfd8 16. Rad1 Rab8 17. Nf5 Nxc3 18. Qxb7 Nxd1 19. Nxe7+ Kf8 20.
Qc7 Nxb2 21. Nc6 Rbc8 22. Qe7+ 1-0

[Event "16.Open Seefeld"]
[Site "Oesterreich / Seefeld"]
[Date "2005.09.23"]
[Round "7"]
[White "Flueckiger, Juergen"]
[Black "Wawrinsky, Ludwig"]
[Result "1/2-1/2"]
[WhiteElo "2034"]
[BlackElo "1916"]
[PlyCount "39"]
[EventDate "2005.09.17"]

1. d4 Nf6 2. c4 e6 3. Nf3 b6 4. g3 Bb7 5. Bg2 Bb4+ 6. Bd2 Be7 7. Nc3 O-O 8. O-O
d6 9. Bg5 Nbd7 10. Qc2 Rc8 11. b3 a6 12. Rad1 h6 13. Bc1 Nh7 14. e4 Qe8 15. Qe2
c5 16. Bb2 cxd4 17. Nxd4 Bf6 18. Qe3 Be7 19. Kh1 Ba8 20. Qe2 1/2-1/2

[Event "16.Open Seefeld"]
[Site "Oesterreich / Seefeld"]
[Date "2005.09.23"]
[Round "7"]
[White "Platzgummer, Fabian"]
[Black "Brett, Digby"]
[Result "1-0"]
[WhiteElo "2032"]
[BlackElo "1869"]
[PlyCount "37"]
[EventDate "2005.09.17"]

1. e4 c5 2. Nc3 Nc6 3. Nf3 d6 4. d4 cxd4 5. Nxd4 Nf6 6. Bg5 e6 7. Qd2 Be7 8.
O-O-O a6 9. f4 Qc7 10. Be2 O-O 11. Nxc6 bxc6 12. Bxf6 Bxf6 13. Qxd6 Qa5 14. e5
Rd8 15. Qxc6 Rb8 16. exf6 g6 17. Rxd8+ Qxd8 18. Rd1 Qxf6 19. Qc7 1-0

[Event "16.Open Seefeld"]
[Site "Oesterreich / Seefeld"]
[Date "2005.09.23"]
[Round "7"]
[White "Stock, Juergen"]
[Black "Becker, Joerg"]
[Result "0-1"]
[WhiteElo "2031"]
[BlackElo "1798"]
[PlyCount "62"]
[EventDate "2005.09.17"]

1. d4 Nf6 2. c3 e6 3. Bg5 d5 4. f4 Be7 5. e3 Nbd7 6. Bd3 c5 7. Nd2 a6 8. Ngf3
b5 9. a3 O-O 10. O-O Bb7 11. Ne5 cxd4 12. exd4 Ne4 13. Bxe7 Qxe7 14. Bxe4 dxe4
15. Ng4 f5 16. Ne3 Nb6 17. Qc2 Rac8 18. Nb3 Na4 19. Na5 Rfd8 20. Qb3 Bd5 21. c4
Ba8 22. cxb5 axb5 23. Nxf5 Qf6 24. Ne3 Qxd4 25. Rad1 Qb6 26. Rxd8+ Rxd8 27.
Nac4 bxc4 28. Qxa4 Qxe3+ 29. Kh1 Qd3 30. Rg1 e3 31. Qa6 Qd5 0-1

[Event "16.Open Seefeld"]
[Site "Oesterreich / Seefeld"]
[Date "2005.09.23"]
[Round "7"]
[White "Werner, Bernd"]
[Black "Creutzburg, Frank"]
[Result "1-0"]
[WhiteElo "2012"]
[BlackElo "1574"]
[PlyCount "156"]
[EventDate "2005.09.17"]

1. e4 c5 2. Nf3 Nc6 3. d4 cxd4 4. c3 d3 5. Bxd3 e5 6. Be3 Be7 7. O-O Nf6 8. h3
O-O 9. Qe2 Qc7 10. Rd1 d5 11. exd5 Nxd5 12. Bxh7+ Kxh7 13. Rxd5 Be6 14. Rd1 f6
15. Nbd2 Rh8 16. Ne4 Kg8 17. Bc5 Qc8 18. Bxe7 Nxe7 19. Nd6 Qc7 20. Qe4 Rb8 21.
Nb5 Qb6 22. c4 Bf5 23. Qe2 a6 24. Nc3 Qe6 25. Ne4 Bxh3 26. gxh3 Qxh3 27. Ng3
Nf5 28. Qf1 Qh6 29. Qg2 Nxg3 30. fxg3 Qe3+ 31. Qf2 Qh6 32. Kf1 Qh3+ 33. Ke1 Qf5
34. Nh4 Qe4+ 35. Qe2 Qh1+ 36. Qf1 Qe4+ 37. Qe2 Qh1+ 38. Kd2 Qh3 39. Qg2 Qxg2+
40. Nxg2 Rh2 41. Rg1 Rd8+ 42. Kc3 Kf7 43. b4 e4 44. Nf4 e3 45. Rge1 g5 46. Nd5
e2 47. Kd2 Re8 48. a4 Re4 49. Kd3 Rg4 50. Rxe2 Rxg3+ 51. Re3 Rgg2 52. Re7+ Kg6
53. Rxb7 Rd2+ 54. Kc3 Rc2+ 55. Kb3 Rb2+ 56. Ka3 Rbc2 57. Kb3 Rb2+ 58. Kc3 Rbc2+
59. Kd3 Rcd2+ 60. Kc3 Rc2+ 61. Kd4 Rh4+ 62. Kc5 Rhxc4+ 63. Kb6 Rc6+ 64. Ka5 Rd6
65. Ne7+ Kh5 66. Rb6 Rd7 67. Rh1+ Kg4 68. Ng8 Ra7 69. Nxf6+ Kg3 70. Rg1+ Kf4
71. Rxa6 Rb7 72. Nd5+ Ke5 73. Rxg5+ Kd4 74. Nf4 Rb2 75. b5 Kc4 76. Rc6+ Kb3 77.
Rg3+ Ka2 78. Nd3 Ra7+ 1-0

[Event "16.Open Seefeld"]
[Site "Oesterreich / Seefeld"]
[Date "2005.09.23"]
[Round "7"]
[White "Ruprich, Udo"]
[Black "Schuetz, Robert"]
[Result "1-0"]
[WhiteElo "1995"]
[BlackElo "1640"]
[PlyCount "43"]
[EventDate "2005.09.17"]

1. e4 e6 2. d4 d5 3. Nc3 Bb4 4. Nge2 dxe4 5. a3 Bxc3+ 6. Nxc3 Nc6 7. Bb5 Nge7
8. Be3 O-O 9. Qd2 f5 10. O-O-O Bd7 11. g4 Be8 12. h4 Nd5 13. gxf5 Nxe3 14. fxe3
exf5 15. Rdg1 Ne7 16. Qg2 g6 17. h5 Bxb5 18. Nxb5 Rf7 19. Qh2 g5 20. Rxg5+ Rg7
21. Rxg7+ Kxg7 22. Nxc7 1-0

[Event "16.Open Seefeld"]
[Site "Oesterreich / Seefeld"]
[Date "2005.09.23"]
[Round "7"]
[White "Solaroli, Riccardo"]
[Black "Michel, Jan"]
[Result "1-0"]
[WhiteElo "1975"]
[BlackElo "1454"]
[PlyCount "85"]
[EventDate "2005.09.17"]

1. e4 e5 2. f4 d5 3. exd5 e4 4. d3 Qxd5 5. Nc3 Bb4 6. Bd2 Bxc3 7. Bxc3 f6 8.
Qe2 Ne7 9. dxe4 Qf7 10. Nf3 O-O 11. Qc4 Qxc4 12. Bxc4+ Kh8 13. O-O-O Bg4 14.
Rd3 Nbc6 15. h3 Bh5 16. g4 Bf7 17. Bxf7 Rxf7 18. Rd7 Rc8 19. e5 fxe5 20. Nxe5
Nxe5 21. Bxe5 Kg8 22. Rhd1 Nc6 23. Rxf7 Kxf7 24. Rd7+ Ke6 25. Rxg7 Nxe5 26.
fxe5 Kxe5 27. Rxh7 Kf6 28. Kd2 b6 29. Ke3 a5 30. Kf4 Kg6 31. Rd7 Rf8+ 32. Kg3
Rc8 33. h4 Kf6 34. g5+ Ke6 35. Rd2 Kf5 36. Rf2+ Kg6 37. Rf6+ Kg7 38. Rc6 Kh8
39. Kg4 b5 40. h5 Kg7 41. Kf5 Kh7 42. Rf6 Rd8 43. Rf7+ 1-0

[Event "16.Open Seefeld"]
[Site "Oesterreich / Seefeld"]
[Date "2005.09.23"]
[Round "7"]
[White "Russ, Colin"]
[Black "Titz, Waldemar"]
[Result "1/2-1/2"]
[WhiteElo "1964"]
[BlackElo "1541"]
[PlyCount "101"]
[EventDate "2005.09.17"]

1. Nf3 d5 2. d4 Nf6 3. c4 e6 4. Nc3 Be7 5. Bg5 O-O 6. Bxf6 Bxf6 7. e3 b6 8. Qc2
Bb7 9. cxd5 exd5 10. Bd3 g6 11. h4 c5 12. b3 cxd4 13. exd4 Re8+ 14. Be2 Ba6 15.
O-O Bxe2 16. Nxe2 Bxh4 17. g3 Bg5 18. Nxg5 Qxg5 19. Nf4 Na6 20. Qc6 Red8 21.
Rfe1 Nb4 22. Qc3 a5 23. Re5 Qg4 24. a3 Rac8 25. Qd2 Nc6 26. Re3 h5 27. b4 Qf5
28. b5 Na7 29. Re5 Qc2 30. Qxc2 Rxc2 31. a4 Rc4 32. Rxd5 Rxd5 33. Nxd5 Nc8 34.
Kf1 Rxd4 35. Rc1 Nd6 36. Nxb6 h4 37. Kg2 hxg3 38. fxg3 Kg7 39. Rc5 Rb4 40. Rc6
Nxb5 41. axb5 Rxb5 42. Nc4 a4 43. Ra6 Rb4 44. Ne5 g5 45. Nd3 Rd4 46. Nc5 Rd2+
47. Kf3 Rd5 48. Nxa4 f5 49. Ke3 f4+ 50. gxf4 gxf4+ 51. Kxf4 1/2-1/2

[Event "16.Open Seefeld"]
[Site "Oesterreich / Seefeld"]
[Date "2005.09.23"]
[Round "7"]
[White "Plock, Christian"]
[Black "Auschkalnis, Reinhard"]
[Result "1-0"]
[WhiteElo "1650"]
[BlackElo "1924"]
[PlyCount "121"]
[EventDate "2005.09.17"]

1. e4 c5 2. Nf3 d6 3. d4 cxd4 4. Nxd4 Nf6 5. f3 e6 6. c3 Be7 7. Be3 a6 8. Bc4
O-O 9. Nd2 d5 10. exd5 exd5 11. Bd3 Nc6 12. N2b3 Re8 13. Kf2 Ne5 14. Re1 Bd6
15. Qd2 Nfg4+ 16. fxg4 Nxg4+ 17. Kf1 Nxh2+ 18. Kg1 Qh4 19. Bf2 Qd8 20. Rxe8+
Qxe8 21. Qe1 Qd8 22. Bg3 Bxg3 23. Qxg3 Ng4 24. Re1 g6 25. Be2 h5 26. Bxg4 Bxg4
27. Qe5 a5 28. Qe7 Qb6 29. Qc5 Qd8 30. a3 Rc8 31. Qxa5 Qh4 32. Re3 Qg5 33. Kf2
h4 34. Nf3 Qf4 35. Nbd4 Qg3+ 36. Kf1 h3 37. gxh3 Bxh3+ 38. Ke2 Qg2+ 39. Kd1
Qxb2 40. Qb4 Qa1+ 41. Kd2 Qf1 42. Qxb7 Qc4 43. Qb4 Qa2+ 44. Nc2 Bf5 45. Nfd4
Be4 46. Re1 Kg7 47. Ra1 Qc4 48. Qxc4 dxc4 49. Ne3 f5 50. a4 Rh8 51. Nxc4 f4 52.
Ne6+ Kf6 53. Nxf4 g5 54. Ne2 Rh2 55. Ke3 Ba8 56. a5 g4 57. Rf1+ Kg5 58. Rf8
Rh3+ 59. Kd4 Bf3 60. Ng1 Rh1 61. Nxf3+ 1-0

[Event "16.Open Seefeld"]
[Site "Oesterreich / Seefeld"]
[Date "2005.09.23"]
[Round "7"]
[White "Kesik, Marco"]
[Black "Gestrich, Wolfgang"]
[Result "1-0"]
[WhiteElo "1609"]
[BlackElo "1767"]
[PlyCount "39"]
[EventDate "2005.09.17"]

1. d4 Nf6 2. c4 d6 3. Nc3 Bf5 4. Nf3 g6 5. e3 Bg7 6. Be2 O-O 7. O-O Nc6 8. Nd2
e5 9. d5 Ne7 10. e4 Bd7 11. Nb3 h6 12. f4 exf4 13. Bxf4 Nh7 14. c5 Bc8 15. cxd6
cxd6 16. Nb5 Qb6+ 17. Kh1 Rd8 18. Qd2 g5 19. Be3 Bxb2 20. Bxb6 1-0

[Event "16.Open Seefeld"]
[Site "Oesterreich / Seefeld"]
[Date "2005.09.23"]
[Round "7"]
[White "Perkmann, Gottfried"]
[Black "Pitts, Eamonn"]
[Result "1-0"]
[WhiteElo "1690"]
[BlackElo "1355"]
[PlyCount "67"]
[EventDate "2005.09.17"]

1. Nf3 c5 2. c4 Nc6 3. Nc3 e6 4. e4 d6 5. g3 Be7 6. Bg2 a6 7. d3 h6 8. Be3 Bf6
9. Qd2 Nge7 10. O-O Nd4 11. Ne2 e5 12. Ne1 Ng6 13. h3 Be6 14. Bxd4 cxd4 15. f4
exf4 16. gxf4 Nh4 17. Ng3 Nxg2 18. Qxg2 Rg8 19. Nf3 Rc8 20. Rae1 b5 21. e5 Be7
22. f5 Bxc4 23. dxc4 Rxc4 24. exd6 Qxd6 25. Ne5 Rc8 26. Qe4 f6 27. Qf4 fxe5 28.
Rxe5 Kf7 29. Ne4 Qb6 30. Qf2 Bf6 31. Re6 Rc6 32. Rxc6 Qxc6 33. Qf3 Rd8 34. Ng5+
1-0

[Event "16.Open Seefeld"]
[Site "Oesterreich / Seefeld"]
[Date "2005.09.23"]
[Round "7"]
[White "Thonig, Manfred"]
[Black "Bungter, Hans"]
[Result "0-1"]
[WhiteElo "1913"]
[BlackElo "1628"]
[PlyCount "140"]
[EventDate "2005.09.17"]

1. f4 Nf6 2. b3 d5 3. Nf3 c5 4. e3 a6 5. Bb2 e6 6. Ne5 Nbd7 7. c4 Be7 8. Be2
O-O 9. O-O Ne4 10. d3 Nd6 11. Nd2 Nf5 12. Rf3 d4 13. exd4 cxd4 14. Ne4 Nxe5 15.
fxe5 Qc7 16. g4 Ne3 17. Qc1 Nxg4 18. Rg3 Nxe5 19. Bxd4 Ng6 20. Qc3 e5 21. Bf2
Bh4 22. Re3 Bxf2+ 23. Nxf2 Qc5 24. Qd2 f5 25. Rf1 Bd7 26. b4 Qc7 27. Bf3 Bc6
28. Bh5 Nf4 29. Bf3 Bxf3 30. Rxf3 Rad8 31. Qc2 Rd6 32. c5 Rg6+ 33. Kh1 Qc6 34.
Qc4+ Kh8 35. Nd1 Ne2 36. Qe4 Qxe4 37. dxe4 f4 38. Ne3 Nd4 39. R3f2 b6 40. cxb6
Rxb6 41. Nd5 Rc6 42. a4 g5 43. Rg2 h6 44. Ne7 Re6 45. Nd5 Rf7 46. h3 Rc6 47.
Ne3 Rc3 48. Ng4 Rxh3+ 49. Rh2 Rxh2+ 50. Kxh2 Kg7 51. Rc1 h5 52. Nxe5 Re7 53.
Rc5 Kf6 54. Rd5 Rxe5 55. Rxd4 Ke6 56. Rc4 Kd6 57. Rd4+ Kc6 58. Rc4+ Kb6 59. Kg2
g4 60. Kf2 a5 61. b5 Rc5 62. Rd4 Rc2+ 63. Kg1 f3 64. e5 g3 65. Rd6+ Kb7 66.
Rd7+ Kc8 67. Rd1 Re2 68. Rc1+ Kb7 69. Rf1 Rg2+ 70. Kh1 Rh2+ 0-1

[Event "16.Open Seefeld"]
[Site "Oesterreich / Seefeld"]
[Date "2005.09.23"]
[Round "7"]
[White "Andreini, Gigliola"]
[Black "Platzgummer, Peter"]
[Result "0-1"]
[WhiteElo "1600"]
[BlackElo "1911"]
[PlyCount "66"]
[EventDate "2005.09.17"]

1. c4 e5 2. Nc3 Nc6 3. g3 g6 4. Bg2 Bg7 5. e4 Nge7 6. Nge2 O-O 7. O-O f5 8. d3
d6 9. Rb1 Rb8 10. a3 Nd4 11. Nxd4 exd4 12. Ne2 c5 13. b4 b6 14. Bd2 Qe8 15. b5
Bb7 16. Nf4 Rf7 17. Re1 Qd7 18. Nd5 Rbf8 19. exf5 Nxd5 20. fxg6 hxg6 21. Bxd5
Bxd5 22. cxd5 Qf5 23. f4 Qxd5 24. Qb3 Qf3 25. Re7 Bf6 26. Rxa7 Kg7 27. Rxf7+
Rxf7 28. Re1 d5 29. Qc2 Rc7 30. Re6 Bd8 31. Rxb6 Re7 32. Rb8 Re2 33. Bc3 Qg2#
0-1